000 00642nam a2200217 a 4500
001 BRCA_2578
005 20190320203855.0
008 271108s1957----mx-a---###---#000-0#spa-u
041 _aspa
044 _amx
050 4 _aTS1096.M4
_b.C56 1957
245 1 0 _aCincuenta años de la fábrica de Papel Loreto
_bdos discursos de Carlos Linga y Hans Lenz.
260 _aMéxico
_bCultura
_c1957
300 _a28 p.
_bil. a color
_c22 cm.
500 _aEjemplar igual a X50
500 _aA50
650 1 4 _aFábrica de Papel Loreto, San Angel
_zMéxico
_97368
650 1 4 _aPapel
_xFabricación y comercio
_97369
902 _aGFM
942 _2lcc
_cB
999 _c2318
_d2318